| 000 | 00529nam a2200193Ia 4500 | ||
|---|---|---|---|
| 003 | GCL | ||
| 008 | 140319s9999 xx 000 0 aRus d | ||
| 040 |
_aGCL / _cGCL |
||
| 082 | 0 | 4 |
_a708.46 _bF E |
| 100 | 1 | _aUNTAMENTO DE OVIEDO | |
| 245 | 1 | 0 |
_aEXPOSICION VAQUERO / _cUNTAMENTO DE OVIEDO |
| 700 | 1 | _aFUNDACAN DE CULTURA AY | |
| 260 |
_a[S.N] : _bCANCO CENTRO DE ARTE MODERNO ، _c1994 |
||
| 300 | _a191 P | ||
| 650 | 0 | 4 | _aPAPLACIOS, JOAQUIN VAQUERO |
| 650 | 0 | 4 | _aEXHIBITION |
| 650 | 0 | 4 | _aSPAIN - PAINTERS |
| 942 |
_2ddc _cBK |
||
| 999 |
_c13344 _d13344 |
||